00349nam a2200145Ia 4500008004100000020001500041041001200056082001100068100001400079245005300093250000800146260002500154300000800179650001600187221030s9999 xx 000 0 und d a0070993874 aEnglish a105.23 aZ. Kohavi 0aSwitching & Finite Automata Theorycby Z. Kohavi a2nd bTMHaNew Delhic1992 a658 aBE Computer